[Event "81st ch-ESP Rapid 2016"]
[Site "Linares ESP"]
[Date "2016.08.14"]
[Round "1.1"]
[White "Salgado Lopez, Ivan"]
[Black "Cuesta Bustos, Raul"]
[Result "1-0"]
[WhiteTitle "GM"]
[WhiteElo "2651"]
[BlackElo "2113"]
[WhiteFideId "2257327"]
[BlackFideId "2221446"]
[EventDate "2016.08.14"]

1. e4 e6 2. d4 d5 3. Nd2 Nf6 4. e5 Nfd7 5. Bd3 c5 6. c3 Nc6 7. Ne2 cxd4 8. cxd4
f6 9. exf6 Nxf6 10. Nf3 Bd6 11. O-O Qc7 12. Bd2 O-O 13. Rc1 Nh5 14. Ng3 Nf4 15.
Bb1 g6 16. Re1 Qg7 17. Bc3 Bd7 18. a3 Qf6 19. Re3 Rae8 20. Qe1 Qg7 21. b4 a6 22.
a4 Ne7 23. Bc2 Nf5 24. Nxf5 gxf5 25. Qf1 Kh8 26. Ne5 Rg8 27. Rg3 Qe7 28. Bd2 Ng6
29. Bg5 Qg7 30. Qe1 Rgf8 31. Bf4 Bb8 32. Qd2 Bc8 33. Nxg6+ hxg6 34. Bxb8 1-0

[Event "81st ch-ESP Rapid 2016"]
[Site "Linares ESP"]
[Date "2016.08.14"]
[Round "1.2"]
[White "Guadamuro Torrente, Anabel"]
[Black "Vallejo Pons, Francisco"]
[Result "0-1"]
[WhiteTitle "WFM"]
[BlackTitle "GM"]
[WhiteElo "2150"]
[BlackElo "2713"]
[WhiteFideId "2266296"]
[BlackFideId "2205530"]
[EventDate "2016.08.14"]

1. e4 c5 2. d3 Nc6 3. g3 e6 4. Bg2 Nf6 5. f4 d5 6. e5 Nd7 7. Nf3 Be7 8. Nc3 a6
9. Ne2 b5 10. O-O Qc7 11. c3 a5 12. d4 b4 13. f5 exf5 14. Nf4 Nb6 15. dxc5 Bxc5+
16. Kh1 Be6 17. Ng5 Qe7 18. Nxd5 Nxd5 19. Bxd5 Rc8 20. Bg2 O-O 21. Qh5 h6 22.
Nxe6 fxe6 23. Bf4 Qf7 24. Qe2 bxc3 25. bxc3 g5 26. Be3 Ne7 27. Bxc5 Rxc5 28.
Rad1 Ng6 29. Rd6 Rxe5 30. Qd2 Qf6 31. c4 Rf7 32. Rd8+ Kg7 33. Ra8 f4 34. Rxa5
Rxa5 35. Qxa5 Qd4 36. Qa6 Qe3 37. c5 f3 38. Bh3 Qxc5 39. Qxe6 h5 40. a4 g4 41.
Bxg4 hxg4 42. Qxg4 Qd5 43. h4 Qd3 44. Rf2 Qe3 45. Kg1 Kh7 46. Qh5+ Kg7 47. Qg4
Kh6 48. a5 Qe1+ 49. Rf1 Qe3+ 50. Rf2 Rf6 51. h5 Ne5 52. Qg8 Qe1+ 53. Rf1 Qe3+
54. Rf2 Qe1+ 55. Rf1 f2+ 56. Kg2 Qe4+ 57. Kh2 Nf3+ 58. Kh3 Ng5+ 59. Kh2 Qe2 60.
Qh8+ Nh7 61. Kg2 Qf3+ 62. Kh2 Rf5 0-1

[Event "81st ch-ESP Rapid 2016"]
[Site "Linares ESP"]
[Date "2016.08.14"]
[Round "1.3"]
[White "Vazquez Igarza, Renier"]
[Black "Barrios Munoz, Rafael Carlos"]
[Result "1-0"]
[WhiteTitle "GM"]
[WhiteElo "2589"]
[BlackElo "2026"]
[WhiteFideId "3503054"]
[BlackFideId "2221136"]
[EventDate "2016.08.14"]

1. d4 Nf6 2. c4 e6 3. Nf3 Bb4+ 4. Bd2 a5 5. g3 b6 6. Bg2 Bb7 7. O-O O-O 8. Bg5
h6 9. Bxf6 Qxf6 10. Qc2 Qg6 11. Qxg6 fxg6 12. c5 a4 13. a3 Ba5 14. Ne5 Bxg2 15.
Kxg2 g5 16. Rc1 b5 17. e3 Ra6 18. Nc3 Bxc3 19. bxc3 d6 20. Nd3 d5 21. Rab1 c6
22. f3 Nd7 23. Nb4 Nb8 24. Nxa6 Nxa6 25. e4 Nc7 26. Rf1 Ne8 27. h3 Nf6 28. Rbe1
Kf7 29. Re2 Re8 30. Rfe1 Re7 31. g4 Re8 32. Kg3 Re7 33. h4 Re8 34. hxg5 hxg5 35.
e5 Ng8 36. Rf2 Ne7 37. f4 gxf4+ 38. Rxf4+ Kg8 39. Ref1 Kh7 40. Rh1+ Kg8 41. Rf3
Ng6 42. Rhf1 Re7 43. g5 Ra7 44. Kg4 Re7 45. Kh5 Kh7 46. Rf7 Re8 47. Rc7 Re7 48.
Rxe7 1-0

[Event "81st ch-ESP Rapid 2016"]
[Site "Linares ESP"]
[Date "2016.08.14"]
[Round "1.4"]
[White "Mejuto De Ulloa, Jorge"]
[Black "Ljubojevic, Ljubomir"]
[Result "0-1"]
[BlackTitle "GM"]
[WhiteElo "2122"]
[BlackElo "2571"]
[WhiteFideId "2288370"]
[BlackFideId "900010"]
[EventDate "2016.08.14"]

1. Nc3 d5 2. d4 c5 3. Nf3 Nc6 4. Bf4 Nf6 5. e3 a6 6. h3 e6 7. a3 b6 8. Bd3 Bb7
9. O-O Be7 10. Re1 O-O 11. Nb1 Bd6 12. Bxd6 Qxd6 13. c3 e5 14. dxe5 Nxe5 15.
Nxe5 Qxe5 16. Nd2 Rfe8 17. Qc2 Re7 18. Be2 Rae8 19. Bf3 Qc7 20. Red1 Bc8 21. Nf1
Re5 22. Rd2 Rg5 23. Kh1 h5 24. c4 dxc4 25. Qxc4 Bb7 26. Qf4 Rge5 27. Rad1 Bxf3
28. Qxf3 R5e6 29. Ng3 g6 30. Ne2 Qc6 31. Qf4 Ne4 32. Nc3 Rf6 33. Qh4 Nxd2 34.
Rxd2 Rd6 35. Rxd6 Qxd6 36. e4 Kg7 37. Nd5 Qe5 38. f3 Qxb2 39. Qf4 b5 40. Qd6
Qa1+ 41. Kh2 Ra8 0-1

[Event "81st ch-ESP Rapid 2016"]
[Site "Linares ESP"]
[Date "2016.08.14"]
[Round "1.5"]
[White "Munoz, Miguel"]
[Black "Suarez Triguero, Jose Alfonso"]
[Result "1-0"]
[WhiteTitle "GM"]
[WhiteElo "2451"]
[BlackElo "2100"]
[WhiteFideId "3800229"]
[BlackFideId "2231204"]
[EventDate "2016.08.14"]

1. e4 Nf6 2. e5 Ng8 3. d4 d6 4. f4 dxe5 5. fxe5 c5 6. d5 e6 7. Nc3 exd5 8. Qxd5
Be7 9. Bc4 Qxd5 10. Nxd5 Bd8 11. Be3 Nd7 12. O-O-O Ne7 13. Bb5 Nc6 14. Nf3 O-O
15. Bxc6 bxc6 16. Nc3 Be7 17. Ne4 Re8 18. e6 fxe6 19. c4 Nf6 20. Nd6 Bxd6 21.
Rxd6 e5 22. Rxc6 Ne4 23. Re1 Bb7 24. Rc7 Rab8 25. b3 a5 26. Kc2 a4 27. Bc1 axb3+
28. axb3 Nf2 29. Be3 Be4+ 30. Kc3 Nd3 31. Rd1 Rxb3+ 32. Kxb3 Rb8+ 33. Kc3 Nb2
34. Ra1 1-0

[Event "81st ch-ESP Rapid 2016"]
[Site "Linares ESP"]
[Date "2016.08.14"]
[Round "1.6"]
[White "Orosa Martinez, Victor"]
[Black "Anton Guijarro, David"]
[Result "0-1"]
[BlackTitle "GM"]
[WhiteElo "2085"]
[BlackElo "2627"]
[WhiteFideId "2293129"]
[BlackFideId "2285525"]
[EventDate "2016.08.14"]

1. d4 Nf6 2. Bg5 Ne4 3. Bf4 e6 4. f3 Bd6 5. Bxd6 Nxd6 6. e4 O-O 7. Bd3 f5 8. e5
Nf7 9. f4 b6 10. Qf3 c6 11. Nc3 Na6 12. a3 Nc7 13. O-O-O b5 14. g4 a5 15. gxf5
exf5 16. Nge2 d5 17. Rhg1 Kh8 18. Rg3 Nh6 19. Rdg1 Ne6 20. Qh5 Ra7 21. Nd1 Qb6
22. c3 b4 23. a4 bxc3 24. bxc3 Ba6 25. Bxa6 Qxa6 26. Ne3 Rb7 27. Kd2 Rb2+ 28.
Nc2 Ng4 29. Rxg4 Rxc2+ 30. Kxc2 Qxe2+ 31. Kc1 fxg4 32. Rxg4 Nxf4 33. Rxf4 Qe3+ 0-1

[Event "81st ch-ESP Rapid 2016"]
[Site "Linares ESP"]
[Date "2016.08.14"]
[Round "1.7"]
[White "Arizmendi Martinez, Julen Luis"]
[Black "Aranaz Portugues, Jose Carlos"]
[Result "1-0"]
[WhiteTitle "GM"]
[WhiteElo "2496"]
[BlackElo "2135"]
[WhiteFideId "2205092"]
[BlackFideId "2274710"]
[EventDate "2016.08.14"]

1. d4 Nf6 2. c4 c5 3. d5 b5 4. cxb5 a6 5. bxa6 g6 6. Nc3 d6 7. e4 Bxa6 8. Bxa6
Nxa6 9. Nf3 Bg7 10. Bf4 O-O 11. Qd2 Qa5 12. e5 Nh5 13. Bh6 dxe5 14. Bxg7 Nxg7
15. Nxe5 Qc7 16. Nc4 Nf5 17. O-O Rfd8 18. Rae1 Nb4 19. a3 Nc6 20. Re4 Rab8 21.
Rfe1 Rd7 22. Qg5 Ncd4 23. Rf4 f6 24. Qg4 Kf7 25. Rfe4 h5 26. Qd1 Qa7 27. Qd3
Rbd8 28. h3 Qb7 29. Rf4 Qb8 30. g3 Rb7 31. Qe4 Qc8 32. g4 hxg4 33. hxg4 Ng7 34.
Ne5+ 1-0

[Event "81st ch-ESP Rapid 2016"]
[Site "Linares ESP"]
[Date "2016.08.14"]
[Round "1.8"]
[White "Ortega Lopez, Mikel"]
[Black "Ibarra Jerez, Jose Carlos"]
[Result "0-1"]
[WhiteTitle "FM"]
[BlackTitle "GM"]
[WhiteElo "2299"]
[BlackElo "2563"]
[WhiteFideId "22252878"]
[BlackFideId "2226332"]
[EventDate "2016.08.14"]

1. e4 Nc6 2. Nf3 f5 3. exf5 d5 4. d4 Bxf5 5. Bb5 e6 6. Ne5 Ne7 7. Bg5 Qd6 8. Nd2
a6 9. Bxe7 Bxe7 10. Bxc6+ bxc6 11. Nb3 O-O 12. Nc5 Rab8 13. Ned7 Rxb2 14. Nxf8
Bxf8 15. O-O Rxc2 16. Re1 Qf4 17. Re2 Rxe2 18. Qxe2 Qxd4 19. Nb3 Qc4 20. Qe3 Bd6
21. Rc1 Qb4 22. Qa7 c5 23. Qxa6 c4 24. Na5 Qa3 25. Re1 Kf7 26. Rd1 c3 27. Qb5 c2
28. Qd7+ Be7 29. Rf1 c1=Q 0-1

[Event "81st ch-ESP Rapid 2016"]
[Site "Linares ESP"]
[Date "2016.08.14"]
[Round "1.9"]
[White "Del Rio De Angelis, Salvador G."]
[Black "Somalo Fernandez, Millan"]
[Result "1-0"]
[WhiteTitle "GM"]
[WhiteElo "2522"]
[BlackElo "2064"]
[WhiteFideId "2203138"]
[BlackFideId "2229048"]
[EventDate "2016.08.14"]

1. d4 Nf6 2. c4 g6 3. Nc3 Bg7 4. e4 d6 5. Nf3 O-O 6. Be2 e5 7. dxe5 dxe5 8. Qxd8
Rxd8 9. Bg5 Rf8 10. Nd5 Nxd5 11. cxd5 c6 12. O-O cxd5 13. exd5 e4 14. Nd2 f5 15.
Nc4 Nd7 16. Rac1 Ne5 17. Nd6 Nf7 18. Nxf7 Rxf7 19. Bc4 Bf6 20. Bxf6 Rxf6 21. Bb3
Rd6 22. Rc7 b5 23. Rfc1 Bd7 24. Rb7 a5 25. a3 Kf8 26. Rcc7 Ke8 27. a4 Bc8 28.
Bc4 1-0

[Event "81st ch-ESP Rapid 2016"]
[Site "Linares ESP"]
[Date "2016.08.14"]
[Round "1.10"]
[White "Diaz Rodriguez, Jose Antonio"]
[Black "Andres Gonzalez, Alberto"]
[Result "0-1"]
[BlackTitle "IM"]
[WhiteElo "1951"]
[BlackElo "2512"]
[WhiteFideId "2222442"]
[BlackFideId "2212595"]
[EventDate "2016.08.14"]

1. e4 c5 2. Nf3 d6 3. c3 Nf6 4. Bd3 Nbd7 5. O-O Qc7 6. Bc2 b6 7. d4 e6 8. Re1
Bb7 9. Nbd2 Rc8 10. Nf1 cxd4 11. Nxd4 a6 12. Bg5 Be7 13. Ng3 O-O 14. Nh5 Rfe8
15. Qf3 b5 16. Qh3 Nxh5 17. Bxe7 Nf4 18. Qh4 Ng6 19. Qg5 Nxe7 20. Re3 Qc5 21. e5
h6 0-1

[Event "81st ch-ESP Rapid 2016"]
[Site "Linares ESP"]
[Date "2016.08.14"]
[Round "1.11"]
[White "Matamoros Franco, Carlos S."]
[Black "Iglesias Valle, Julian"]
[Result "1-0"]
[WhiteTitle "GM"]
[WhiteElo "2488"]
[BlackElo "2073"]
[WhiteFideId "3600017"]
[BlackFideId "2215802"]
[EventDate "2016.08.14"]

1. c4 Nf6 2. g3 e6 3. Bg2 d5 4. Nf3 Be7 5. O-O O-O 6. b3 b6 7. Bb2 Bb7 8. e3 c5
9. Nc3 Nbd7 10. Qe2 Rc8 11. d3 Qc7 12. Nh4 dxc4 13. bxc4 Rfd8 14. f4 Bxg2 15.
Nxg2 Ne8 16. f5 Bf6 17. fxe6 fxe6 18. Nf4 Qc6 19. Nh5 Rc7 20. Rf2 Ne5 21. Ne4
Nxd3 22. Nexf6+ Nxf6 23. Rxf6 gxf6 24. Bxf6 Rdd7 25. Qg4+ Kf8 26. Bc3 Rf7 27.
Nf6 Ke7 28. Qd1 1-0

[Event "81st ch-ESP Rapid 2016"]
[Site "Linares ESP"]
[Date "2016.08.14"]
[Round "1.12"]
[White "Domingo Nunez, Ruben"]
[Black "Alonso Rosell, Alvar"]
[Result "0-1"]
[WhiteTitle "FM"]
[BlackTitle "GM"]
[WhiteElo "2321"]
[BlackElo "2524"]
[WhiteFideId "22245570"]
[BlackFideId "2270544"]
[EventDate "2016.08.14"]

1. e4 c6 2. Nc3 d5 3. Nf3 Nf6 4. e5 Ne4 5. Ne2 Qb6 6. d4 e6 7. Nfg1 f6 8. f3 Ng5
9. exf6 gxf6 10. f4 Ne4 11. Nf3 c5 12. Ng3 Nc6 13. Nxe4 dxe4 14. Nd2 cxd4 15.
Nxe4 f5 16. Qh5+ Kd8 17. Ng5 Kc7 18. Bd3 Bb4+ 19. Kd1 Bd7 20. a3 Be7 21. Nf3
Rac8 22. b4 Kb8 23. Bd2 Nd8 24. Ne5 Ba4 25. Rc1 Bd6 26. Nc4 Qc7 27. g3 Bc6 28.
Re1 Bd5 29. Nxd6 Qxd6 30. c4 dxc3 31. Bxc3 Nc6 32. Bxh8 Be4 33. Re3 Rxh8 34. Ke2
Rd8 35. Rd1 e5 36. Kf2 exf4 37. Rxe4 fxe4 38. Be2 Nd4 39. Bg4 f3 40. Qc5 e3+ 41.
Ke1 Qxc5 42. bxc5 Nc2+ 0-1

[Event "81st ch-ESP Rapid 2016"]
[Site "Linares ESP"]
[Date "2016.08.14"]
[Round "1.13"]
[White "Asis Gargatagli, Hipolito"]
[Black "Bernabeu Lopez, Carlos Javier"]
[Result "1-0"]
[WhiteTitle "IM"]
[WhiteElo "2487"]
[BlackElo "2267"]
[WhiteFideId "2260735"]
[BlackFideId "2235366"]
[EventDate "2016.08.14"]

1. e4 e5 2. Nf3 Nf6 3. Nxe5 Nxe4 4. Nf3 Be7 5. d4 d5 6. Bd3 O-O 7. O-O Bg4 8. h3
Bh5 9. Re1 Nd6 10. Nbd2 Bg6 11. Bf1 Nd7 12. c3 c6 13. Nb3 Re8 14. Bf4 Bf8 15.
Rxe8 Nxe8 16. Qd2 Nef6 17. Re1 Qb6 18. Nh4 Be4 19. f3 Bg6 20. Nxg6 hxg6 21. g4
Re8 22. h4 a5 23. Rxe8 Nxe8 24. Nc1 Qd8 25. Qe1 Be7 26. Bg3 Bd6 27. Nd3 Bxg3 28.
Qxg3 Qe7 29. Qe1 Kf8 30. Qxe7+ Kxe7 31. Kf2 Nc7 32. Ke3 Ne6 33. g5 f5 34. Bh3
Kd6 35. f4 Nef8 36. b3 b6 37. c4 a4 38. cxd5 axb3 39. axb3 Kxd5 40. Bg2+ Kd6 41.
Ne5 Nxe5 42. fxe5+ Kd7 43. b4 Ne6 44. b5 c5 45. d5 Nc7 46. d6 Nxb5 47. Bd5 Nd4
48. Bf7 b5 49. Bxg6 Ke6 50. h5 Kxe5 51. d7 Ne6 52. h6 gxh6 53. gxh6 Kf6 54. Bxf5
Nd8 55. h7 Kg7 56. Ke4 b4 57. Kd5 b3 58. Kxc5 b2 59. Kd6 Nf7+ 60. Ke7 Ne5 61.
h8=Q+ 1-0

[Event "81st ch-ESP Rapid 2016"]
[Site "Linares ESP"]
[Date "2016.08.14"]
[Round "1.14"]
[White "Aguilo Benejam, Alfredo"]
[Black "Forcen Esteban, Daniel"]
[Result "0-1"]
[BlackTitle "GM"]
[WhiteElo "2136"]
[BlackElo "2561"]
[WhiteFideId "22217843"]
[BlackFideId "2288230"]
[EventDate "2016.08.14"]

1. d4 Nf6 2. Nf3 c5 3. c3 d5 4. Bf4 Qb6 5. Qc1 Nc6 6. e3 Nh5 7. Bg3 Nxg3 8. hxg3
Bf5 9. Nbd2 h6 10. Be2 e6 11. O-O Rc8 12. Re1 Be7 13. Bd1 cxd4 14. exd4 g5 15.
Nb3 a5 16. a4 g4 17. Ne5 Bg5 18. Re3 Nxe5 19. dxe5 Bxe3 20. fxe3 h5 21. Nd4 Bd3
22. Qd2 Ba6 23. Ra3 Qc7 24. Nb5 Qxe5 25. Be2 Bxb5 26. Bxb5+ Ke7 27. Rb3 Rc7 28.
Bf1 Qxg3 29. Qd4 Rh6 30. e4 Qf4 31. exd5 Qxd4+ 32. cxd4 exd5 33. Bb5 h4 34. Kh2
Rc1 35. Be2 f5 36. Rxb7+ Kf6 37. g3 Rc4 38. Bxg4 Rh8 0-1

[Event "81st ch-ESP Rapid 2016"]
[Site "Linares ESP"]
[Date "2016.08.14"]
[Round "1.15"]
[White "Huerga Leache, Mikel"]
[Black "Sacristan Latorre, Alberto"]
[Result "1-0"]
[WhiteTitle "IM"]
[WhiteElo "2455"]
[BlackElo "2028"]
[WhiteFideId "2268795"]
[BlackFideId "22201211"]
[EventDate "2016.08.14"]

1. e4 c5 2. Nf3 d6 3. d4 cxd4 4. Nxd4 Nf6 5. f3 Nc6 6. c4 g6 7. Nc2 Bg7 8. Nc3
O-O 9. Be3 Be6 10. Qd2 a5 11. Rc1 a4 12. Na3 Qa5 13. Be2 Rfc8 14. Ncb5 Nd7 15.
Qxa5 Rxa5 16. Nc3 Nb4 17. Kf2 Ne5 18. Rhd1 Raa8 19. Kf1 Nxc4 20. Nxc4 Bxc4 21.
Nxa4 Bxe2+ 22. Kxe2 Nxa2 23. Rxc8+ Rxc8 24. Ra1 Nb4 25. Bd2 Nc2 26. Rb1 Nd4+ 27.
Kd3 Nb3 28. Be3 Nc5+ 29. Nxc5 dxc5 30. Kc4 Bd4 31. Bxd4 cxd4+ 32. Kd3 e5 33. Ra1
Rc6 34. Ra5 f6 35. Rb5 Rc7 36. f4 Re7 37. fxe5 fxe5 38. Kc4 Kf7 39. Rb3 Rc7+ 40.
Kd5 Rd7+ 41. Kc4 Kf6 42. h4 Ke6 43. Rb6+ Ke7 44. Kd3 Kd8 45. g4 Re7 46. h5 gxh5
47. gxh5 Kc7 48. Rf6 Kd7 49. h6 Re6 50. Rf7+ Re7 51. Rf6 Kc7 52. Rf8 b5 53. Rg8
Kd6 54. Rb8 Kc5 55. Rd8 Re6 56. Rd5+ Kc6 57. b4 Rxh6 58. Rxe5 Rd6 59. Rc5+ Kb6
60. Rh5 h6 61. e5 Re6 62. Kxd4 Kc6 63. Rh2 Rg6 64. Rc2+ Kd7 65. Ra2 Rg4+ 66. Kd5
Rxb4 67. Ra7+ Ke8 68. Ke6 Kf8 69. Ra8+ Kg7 70. Ke7 h5 71. e6 h4 72. Ra2 Rd4 73.
Rg2+ Kh7 74. Kf7 Rf4+ 75. Ke8 h3 76. Rh2 Rf3 77. e7 Kg7 78. Kd7 Rd3+ 79. Ke6
Re3+ 80. Kd6 Kf7 81. Rf2+ Kg7 82. Rf3 Re1 83. Rxh3 Rd1+ 84. Ke6 Re1+ 85. Kd7
Rd1+ 86. Ke8 Rd5 87. Rg3+ Kf6 88. Kf8 1-0

[Event "81st ch-ESP Rapid 2016"]
[Site "Linares ESP"]
[Date "2016.08.14"]
[Round "1.16"]
[White "Sanz Losada, Victoriano"]
[Black "Suarez Garcia, Carlos"]
[Result "0-1"]
[WhiteTitle "CM"]
[BlackTitle "FM"]
[WhiteElo "2020"]
[BlackElo "2426"]
[WhiteFideId "2202808"]
[BlackFideId "22230858"]
[EventDate "2016.08.14"]

1. d4 d6 2. c4 e5 3. d5 f5 4. Nc3 Nf6 5. Bg5 Nbd7 6. e3 Be7 7. Nge2 Nxd5 8. cxd5
Bxg5 9. Ng3 O-O 10. h4 Bh6 11. Qc2 Nb6 12. Bd3 e4 13. Be2 c6 14. O-O-O cxd5 15.
Kb1 Be6 16. Nb5 g6 17. Nd4 Qd7 18. h5 Bg7 19. hxg6 hxg6 20. Qb3 Nc4 21. Nxe6
Qxe6 22. Rxd5 Nb6 23. Rxd6 Qxb3 24. axb3 Rf6 25. Rhd1 Kf7 26. Bc4+ Ke7 27. R6d2
Rc6 28. Ne2 Be5 29. Nd4 Rd6 30. Nb5 Rxd2 31. Rxd2 a6 32. Na3 Rh8 33. g3 Rh2 34.
Kc2 Bd6 35. Kd1 Rh1+ 36. Kc2 Bb4 37. Re2 Bxa3 38. bxa3 Nd7 39. g4 fxg4 40. Bd5
Rh2 41. Kd2 Nc5 42. b4 Kd6 43. Bf7 Nd3 44. Bxg6 Nxf2 45. Ke1 g3 46. Rd2+ Ke5 47.
Rd4 Rh1+ 48. Ke2 g2 0-1

[Event "81st ch-ESP Rapid 2016"]
[Site "Linares ESP"]
[Date "2016.08.14"]
[Round "1.17"]
[White "Narciso Dublan, Marc"]
[Black "Marino Bravo, Marco Antonio"]
[Result "1-0"]
[WhiteTitle "GM"]
[WhiteElo "2482"]
[BlackElo "2071"]
[WhiteFideId "2201500"]
[BlackFideId "2206277"]
[EventDate "2016.08.14"]

1. d4 Nf6 2. c4 c5 3. d5 b5 4. cxb5 a6 5. bxa6 g6 6. Nc3 Qa5 7. a7 Rxa7 8. Bd2
Ba6 9. Ne4 Qb6 10. Nxf6+ exf6 11. Qb3 Qxb3 12. axb3 Bg7 13. Bc3 O-O 14. Nf3 Re8
15. Nd2 f5 16. e3 Bxf1 17. Rxa7 Bxg2 18. Rg1 Bxd5 19. Kd1 Be6 20. Ra5 d6 21. Ra8
Bd5 22. Ra4 Be6 23. Kc2 d5 24. Bxg7 Kxg7 25. Rc1 Nd7 26. Kb1 Rb8 27. b4 cxb4 28.
Nf3 Nb6 29. Rxb4 f4 30. Nd4 fxe3 31. fxe3 Kf6 32. Nc6 Bf5+ 33. e4 Bc8 1-0

[Event "81st ch-ESP Rapid 2016"]
[Site "Linares ESP"]
[Date "2016.08.14"]
[Round "1.18"]
[White "Perdomo Araujo, Angel Eduardo"]
[Black "Aranda Marin, Cristian"]
[Result "0-1"]
[BlackTitle "FM"]
[WhiteElo "2054"]
[BlackElo "2350"]
[WhiteFideId "3902528"]
[BlackFideId "2205513"]
[EventDate "2016.08.14"]

1. b4 c6 2. Nf3 Nf6 3. e3 Qb6 4. a3 g6 5. Bb2 a5 6. Bd4 Qc7 7. b5 Bg7 8. Be2 O-O
9. O-O d6 10. d3 cxb5 11. Nbd2 e5 12. Bb2 Nc6 13. Qb1 Re8 14. Bc3 Bd7 15. Re1
Nd5 16. Bb2 b4 17. axb4 Ncxb4 18. c4 Ne7 19. Ne4 Bc6 20. d4 Bxe4 21. Qxe4 Nec6
22. d5 Ne7 23. Rec1 Na6 24. h4 Nc5 25. Qc2 h6 26. Nd2 Nf5 27. h5 e4 28. hxg6
fxg6 29. Bxg7 Nxg7 30. Rcb1 Re7 31. Rb5 a4 32. Rxc5 Qxc5 33. Nxe4 Qc7 34. Nc3
Kh7 35. Bd3 Nf5 36. g4 Nh4 37. Nb5 Qd7 38. Be2 Rf8 39. Nd4 h5 40. Qxa4 Qc8 41.
Ne6 Rxe6 42. dxe6 Qxe6 43. Qb5 hxg4 44. Ra7 Qf5 45. Qxb7+ Kh6 46. Qg7+ Kg5 47.
Qe7+ Rf6 48. f4+ gxf3 49. e4 Qg4+ 0-1

[Event "81st ch-ESP Rapid 2016"]
[Site "Linares ESP"]
[Date "2016.08.14"]
[Round "1.20"]
[White "Arnaiz Yanes, Miguel Angel"]
[Black "Almagro Llamas, Pablo"]
[Result "0-1"]
[BlackTitle "IM"]
[WhiteElo "1944"]
[BlackElo "2436"]
[WhiteFideId "2278707"]
[BlackFideId "2221799"]
[EventDate "2016.08.14"]

1. d4 Nf6 2. Nf3 e6 3. Bg5 h6 4. Bh4 b6 5. e3 Bb7 6. Nbd2 d6 7. Be2 Nbd7 8. c4
Be7 9. O-O O-O 10. h3 c5 11. Rc1 Qc7 12. Bg3 Rad8 13. a3 Qb8 14. b4 Qa8 15. Re1
d5 16. Qb3 cxd4 17. exd4 dxc4 18. Bxc4 Bd5 19. Be5 Rc8 20. Bxd5 Nxd5 21. Rxc8
Rxc8 22. Ne4 Qc6 23. Qb2 a5 24. bxa5 bxa5 25. Rb1 N7b6 26. Nfd2 Bf8 27. Qb3 a4
28. Qg3 Nd7 29. Bd6 Qc2 30. Bxf8 Nxf8 31. Rb7 Qc6 32. Nd6 Rc7 33. Rxc7 Qxc7 34.
N2c4 Ng6 35. Qg4 Qb8 36. Qd1 Qa7 37. Nb5 Qa6 38. Ncd6 Ngf4 39. Qf3 Qc6 40. Qd1
Nc3 41. Qf3 Nce2+ 42. Kh2 Qc1 0-1

[Event "81st ch-ESP Rapid 2016"]
[Site "Linares ESP"]
[Date "2016.08.14"]
[Round "1.21"]
[White "Valles Moreno, Ivan"]
[Black "Boutahar Belgasi, Tarik"]
[Result "1-0"]
[WhiteTitle "IM"]
[WhiteElo "2447"]
[BlackElo "1966"]
[WhiteFideId "2205688"]
[BlackFideId "22266909"]
[EventDate "2016.08.14"]

1. e4 c5 2. Nf3 d6 3. d4 cxd4 4. Nxd4 Nf6 5. Nc3 a6 6. Bc4 e6 7. Bb3 Be7 8. g4
Nc6 9. g5 Nd7 10. h4 Nxd4 11. Qxd4 O-O 12. Be3 b5 13. O-O-O Nc5 14. f4 Nxb3+ 15.
axb3 Bb7 16. h5 Qc7 17. h6 e5 18. fxe5 dxe5 19. Qd7 Rac8 20. hxg7 Rfd8 21. Qf5
Rxd1+ 22. Kxd1 Qd6+ 23. Kc1 Qc7 1-0

[Event "81st ch-ESP Rapid 2016"]
[Site "Linares ESP"]
[Date "2016.08.14"]
[Round "1.22"]
[White "Anaya Lopez, Gonzalo Javier"]
[Black "Matnadze, Ana"]
[Result "0-1"]
[BlackTitle "IM"]
[WhiteElo "1984"]
[BlackElo "2355"]
[WhiteFideId "22200053"]
[BlackFideId "13601377"]
[EventDate "2016.08.14"]

1. e4 c5 2. Nc3 Nc6 3. g3 d6 4. Bg2 g6 5. d3 Bg7 6. Be3 e6 7. Qd2 Nge7 8. Bh6
Bxh6 9. Qxh6 Nd4 10. Qd2 O-O 11. Nce2 e5 12. c3 Nxe2 13. Nxe2 Be6 14. c4 Rb8 15.
O-O b5 16. b3 Qd7 17. Nc3 b4 18. Ne2 a5 19. a3 bxa3 20. Rxa3 Nc6 21. f4 f5 22.
exf5 Bxf5 23. Bd5+ Kg7 24. fxe5 Nxe5 25. d4 Bh3 26. Rxf8 Rxf8 27. Nf4 cxd4 28.
Qxd4 Qf5 29. Be4 Qf6 30. Qa1 Bg4 31. h3 Bd7 32. Rxa5 Kh6 33. h4 Bg4 34. Ra7 Rf7
35. Rxf7 Nf3+ 36. Bxf3 Qxa1+ 37. Kf2 Qd4+ 38. Kg2 Qb2+ 39. Ne2 Bxf3+ 40. Kxf3
Qxb3+ 41. Kg2 0-1

[Event "81st ch-ESP Rapid 2016"]
[Site "Linares ESP"]
[Date "2016.08.14"]
[Round "1.23"]
[White "Valmana Canto, Jaime"]
[Black "Gines Abad, Pedro"]
[Result "1-0"]
[WhiteTitle "FM"]
[WhiteElo "2389"]
[BlackElo "1970"]
[WhiteFideId "2268990"]
[BlackFideId "2206072"]
[EventDate "2016.08.14"]

1. Nf3 Nf6 2. g3 g6 3. Bg2 Bg7 4. O-O O-O 5. d4 d5 6. c4 c6 7. cxd5 cxd5 8. Ne5
Ne4 9. Nd2 Nxd2 10. Bxd2 Nd7 11. Bf4 Nxe5 12. Bxe5 Bf5 13. Qb3 e6 14. Bxg7 Kxg7
15. Qxb7 Qb8 16. Qxb8 Rfxb8 17. b3 a5 18. f3 a4 19. e4 dxe4 20. fxe4 Bg4 21. h3
Be2 22. Rf2 Ba6 23. d5 exd5 24. exd5 axb3 25. axb3 Rxb3 26. Rfa2 Rb6 27. Bf1 Rd6
28. Rxa6 Raxa6 29. Rxa6 Rxd5 30. Bc4 Rf5 31. Ra7 Rf6 32. Kg2 Rf5 33. Rc7 Rf6 34.
g4 h6 35. Kg3 Kg8 36. Bd5 Kg7 37. Bf3 Rb6 38. Kf2 Rf6 39. Ke3 Re6+ 40. Kd4 Rf6
41. Bd5 g5 42. Ke5 Rf2 43. Kd6 Rf6+ 44. Ke7 Rf2 45. Ke8 Re2+ 46. Re7 Rxe7+ 47.
Kxe7 h5 48. Bxf7 1-0

[Event "81st ch-ESP Rapid 2016"]
[Site "Linares ESP"]
[Date "2016.08.14"]
[Round "1.24"]
[White "Lain Moreno, Juan Carlos"]
[Black "Espinosa Aranda, Angel"]
[Result "0-1"]
[BlackTitle "IM"]
[WhiteElo "1983"]
[BlackElo "2422"]
[WhiteFideId "2256754"]
[BlackFideId "2278189"]
[EventDate "2016.08.14"]

1. e4 c5 2. Nf3 d6 3. c3 Nf6 4. e5 dxe5 5. Nxe5 Nbd7 6. Nf3 g6 7. d4 cxd4 8.
cxd4 Bg7 9. Nc3 O-O 10. Be2 Nb6 11. O-O Be6 12. Bf4 Rc8 13. Rc1 Bc4 14. Ne5 Bxe2
15. Nxe2 Qd5 16. Nc3 Qa5 17. Qb3 e6 18. Bd2 Qa6 19. Qb5 Qxb5 20. Nxb5 Nfd5 21.
b3 Rfd8 22. Rfd1 a6 23. Na3 Bf8 24. Nac4 Na8 25. Kf1 f6 26. Nf3 Kf7 27. Na5 Rb8
28. Ne1 Nac7 29. a4 Ne8 30. Nd3 Nd6 31. f3 Nf5 32. Nf4 Nfe3+ 33. Bxe3 Nxe3+ 34.
Ke2 Nxd1 35. Rxd1 Bb4 36. Nc4 b5 37. Ne3 bxa4 38. bxa4 Bc3 39. d5 exd5 40. Nfxd5
Be5 41. Rd2 Bxh2 42. f4 Bg1 43. Rc2 Bxe3 44. Nxe3 Re8 45. Kf2 Rb7 46. Rc3 Re4
47. a5 Rxf4+ 0-1